|
|
|
|
| LEADER |
01208nam a2200313 i 4500 |
| 001 |
41672 |
| 003 |
BD-DhAAL |
| 005 |
20230917104825.0 |
| 008 |
230917t2015 nyuab b 001 0 eng |
| 010 |
|
|
|a 2014034070
|
| 020 |
|
|
|a 9780231173148 (cloth : alk. paper)
|
| 020 |
|
|
|a 9780231173155 (pbk. : alk. paper)
|
| 020 |
|
|
|z 9780231539005 (e-book)
|
| 040 |
|
|
|a DLC
|b eng
|c DLC
|e rda
|d DLC
|d BD-DhAAL
|
| 042 |
|
|
|a pcc
|
| 050 |
0 |
0 |
|a HC79.E5
|b S2155 2015
|
| 082 |
0 |
0 |
|a 338.927
|2 23
|
| 100 |
1 |
|
|a Sachs, Jeffrey.
|
| 245 |
1 |
4 |
|a The age of sustainable development /
|c Jeffrey D. Sachs.
|
| 260 |
|
|
|a New York :
|b Columbia University Press,
|c 2015
|
| 300 |
|
|
|a xvi, 543 pages :
|b illustrations (cheifly color), color maps ;
|c 23 cm.
|
| 504 |
|
|
|a Includes bibliographical references (pages 513 - 519) and index.
|
| 526 |
|
|
|a PPDM
|
| 541 |
|
|
|a Book finder International
|e 41672
|
| 650 |
|
0 |
|a Sustainable development.
|
| 650 |
|
0 |
|a Economic development
|x Environmental aspects.
|
| 942 |
|
|
|2 ddc
|c BK
|
| 999 |
|
|
|c 44258
|d 44258
|
| 952 |
|
|
|0 0
|1 0
|2 ddc
|4 0
|6 338_927000000000000_SAC
|7 0
|9 74371
|a BRACUL
|b BRACUL
|c GEN
|d 2023-09-08
|e Book Finder International
|g 4498.85
|l 0
|o 338.927 SAC
|p 3010041672
|r 2023-09-08
|t 1
|v 4498.85
|w 2023-09-08
|y BK
|